Review of the Adequacy of the Fund's Precautionary Balances.

This paper reviews the adequacy of the Fund's precautionary balances, using the framework approved by the Board in 2010. The review takes place on a standard two year cycle. The paper discusses developments since the last review in 2012 and revisits several issues relating to the assessment of...

Descrizione completa

Dettagli Bibliografici
Ente Autore: International Monetary Fund
Natura: Periodico
Lingua:English
Pubblicazione: Washington, D.C. : International Monetary Fund, 2014.
Serie:Policy Papers; Policy Paper ; No. 2014/005
Accesso online:Full text available on IMF
LEADER 01366cas a2200241 a 4500
001 AALejournalIMF020439
008 230101c9999 xx r poo 0 0eng d
020 |c 5.00 USD 
020 |z 9781498343862 
022 |a 2663-3493 
040 |a BD-DhAAL  |c BD-DhAAL 
110 2 |a International Monetary Fund. 
245 1 0 |a Review of the Adequacy of the Fund's Precautionary Balances. 
264 1 |a Washington, D.C. :  |b International Monetary Fund,  |c 2014. 
300 |a 1 online resource (49 pages) 
490 1 |a Policy Papers 
500 |a <strong>Off-Campus Access:</strong> No User ID or Password Required 
500 |a <strong>On-Campus Access:</strong> No User ID or Password Required 
506 |a Electronic access restricted to authorized BRAC University faculty, staff and students 
520 3 |a This paper reviews the adequacy of the Fund's precautionary balances, using the framework approved by the Board in 2010. The review takes place on a standard two year cycle. The paper discusses developments since the last review in 2012 and revisits several issues relating to the assessment of reserve adequacy that were discussed at that time. 
538 |a Mode of access: Internet 
830 0 |a Policy Papers; Policy Paper ;  |v No. 2014/005 
856 4 0 |z Full text available on IMF  |u http://elibrary.imf.org/view/journals/007/2014/005/007.2014.issue-005-en.xml  |z IMF e-Library